Statistics for Европско првенство у фудбалу 2020.

Click here to take the quiz!

General Stats

  • This quiz has been taken 420 times
  • The average score is 19 of 24

Answer Stats

ГрупаРепрезентација% Correct
ФФранцуска
94%
ФПортугалија
94%
AИталија
94%
ФНемачка
91%
ДХрватска
91%
EШпанија
90%
ДЕнглеска
87%
БРусија
85%
EШведска
79%
ЦХоландија
79%
БДанска
78%
ББелгија
78%
AШвајцарска
77%
EПољска
74%
ФМађарска
73%
ЦУкрајина
73%
ЦАустрија
72%
БФинска
71%
ДЧешка
69%
ДШкотска
64%
EСловачка
64%
ЦСеверна Македонија
63%
AВелс
61%
AТурска
61%

Score Distribution

Percentile by Number Answered

Percent of People with Each Score

Your Score History

You have not taken this quiz